Ad hoc monetary shocks in central and eastern Europe
Guardado en:
| Autor principal: | |
|---|---|
| Otros Autores: | |
| Formato: | Capítulo de libro |
| Lenguaje: | inglés |
| Materias: | |
| Etiquetas: |
Sin Etiquetas, Sea el primero en etiquetar este registro!
|
MARC
| LEADER | 00000naa$a2200000$$$4500 | ||
|---|---|---|---|
| 001 | 0118222 | ||
| 005 | 20240502072326.2 | ||
| 041 | 0 | |a eng | |
| 044 | |a SK | ||
| 245 | 1 | 0 | |a Ad hoc monetary shocks in central and eastern Europe |c Jana Péliová, Maksim Belitski |
| 500 | |a Abstrakt | ||
| 610 | 2 | 0 | |a trh finančný |
| 610 | 2 | 0 | |a šoky hospodárske |
| 610 | 2 | 0 | |a politika menová |
| 610 | 2 | 0 | |a metodológia |
| 610 | 2 | 0 | |a modely |
| 610 | 2 | 0 | |a stredná Európa |
| 610 | 2 | 0 | |a východná Európa |
| 100 | 1 | |a Péliová, Jana, 1976- | |
| 700 | 1 | |a Belitski, Maksim | |